000 00243nam a2200097Ia 4500
001 643360
005 20250826153544.0
008 250824s9999 xx 000 0 und d
245 0 _aMAVİ HAYAL PEMBE DÜŞ
_cFATMA PEKŞEN
260 _bGENÇ TİMAŞ
999 _c643360
_d643360